000 00653nam a22001931i 4500
001 000030704
003 RuMoIPM
005 20260601120043.0
008 130415s1954----ur | c rus
040 _aRuMoIPM
_brus
_ercr
041 0 _arus
080 _a511(0.062)
100 1 _aБерман, Георгий Николаевич
245 1 _aЧисло и наука о нем
_bОбщедоступные очерки по арифметике натуральных чисел
_cГ. Н. Берман
250 _a2-е изд., испр.
260 _aМосква
_bГостехиздат
_c1954
300 _a164 с.
_bпортр.
942 _cBK
999 _c30704
_d30704